| 000 | 00763nam a22002657a 4500 | ||
|---|---|---|---|
| 001 | 7589 | ||
| 003 | FISKH | ||
| 005 | 20250725090528.0 | ||
| 008 | 250725b cb ||||| |||| 00| 0 eng d | ||
| 020 | _a9781607273455 | ||
| 040 |
_aFISKH _beng _cFISKH _dFISKH |
||
| 050 | _aPZ8.G1368 I | ||
| 082 | _a176 | ||
| 100 | _aGalvin, Laura Gates | ||
| 245 |
_aI love my mommy / _cLaura Gates Galvin |
||
| 260 |
_aWashington : _bPalm Publishing, _c2011. |
||
| 300 |
_a16 unnumbered pages : _bcolor illustrations ; _c19 cm |
||
| 505 | _aD | ||
| 520 | _aDifferent animal youngsters tell why they love their mommies. | ||
| 521 | 8 |
_a160
_bLexile estimate |
|
| 521 | 8 |
_aD
_bRaz-Plus |
|
| 650 |
_aMommy Love _vAnimal |
||
| 942 |
_2ddc _cBK _n0 |
||
| 999 |
_c7589 _d7589 |
||